书目信息 |
| 题名: |
加快步伐
|
|
| 作者: | 袁凤东 编写 | |
| 分册: | ||
| 出版信息: | 长春 吉林出版集团有限责任公司 2011.03 |
|
| 页数: | 119页 | |
| 开本: | 21cm | |
| 丛书名: | ||
| 单 册: | ||
| 中图分类: | I253.3 , F299.2 | |
| 科图分类: | ||
| 主题词: | 报告文学--中国--当代 , 港湾城市--城市建设--中国--史料 , 港湾城市 , 城市建设 , 报告文学 | |
| 电子资源: | ||
| ISBN: | 978-7-5463-1790-8 | |
| 000 | 01070nam0 22003131 450 | |
| 001 | 004942560 | |
| 005 | 20111228105748.14 | |
| 010 | @a978-7-5463-1790-8@dCNY22.00 | |
| 096 | @aI253.6@byfd | |
| 100 | @a20100926d2011 em y0chiy50 ea | |
| 101 | 0 | @achi |
| 102 | @aCN@b220000 | |
| 105 | @ay z 000zy | |
| 200 | 1 | @a加快步伐@9jia kuai bu fa@e中国进一步开放十四个沿海港口城市@f袁凤东编写 |
| 210 | @a长春@c吉林出版集团有限责任公司@d2011.03 | |
| 215 | @a119页@d21cm | |
| 300 | @a共和国故事 | |
| 330 | @a本书分为运筹启动、规划建设和加速发展3个部分,内容包括邓小平建议增加开放城市、天津在盐碱荒滩上搞开发、北海以港口模式进行建设等。 | |
| 517 | 1 | @a中国进一步开放十四个沿海港口城市@9zhong guo jin yi bu kai fang shi si ge yan hai gang kou cheng shi |
| 606 | 0 | @a报告文学@y中国@z当代 |
| 606 | 0 | @a港湾城市@x城市建设@y中国@j史料 |
| 606 | 0 | @a港湾城市 |
| 606 | 0 | @a城市建设 |
| 606 | 0 | @a报告文学 |
| 690 | @aI253.3@v4 | |
| 690 | @aF299.2@v4 | |
| 701 | 0 | @a袁凤东@9yuan feng dong@c(社会科学)@4编写 |
| 801 | 0 | @c20111228 |
| 905 | @aZUCC@dI253.3@eY8801@f3 | |
| 加快步伐:中国进一步开放十四个沿海港口城市/袁凤东编写.-长春:吉林出版集团有限责任公司,2011.03 |
| 119页;21cm |
| 共和国故事 |
| ISBN 978-7-5463-1790-8:CNY22.00 |
| 本书分为运筹启动、规划建设和加速发展3个部分,内容包括邓小平建议增加开放城市、天津在盐碱荒滩上搞开发、北海以港口模式进行建设等。 |
| ● |
| 相关链接 |
|
|
|
正题名:加快步伐
索取号:I253.3/Y8801
 
预约/预借
| 序号 | 登录号 | 条形码 | 馆藏地/架位号 | 状态 | 备注 |
| 1 | 1184408 | 211844085 | 文学库108/108文学库 68排3列5层/ [索取号:I253.3/Y8801] | 在馆 | |
| 2 | 1184409 | 211844094 | 社科二线400B/400B社科库 24排2列1层/ [索取号:I253.3/Y8801] | 在馆 | |
| 3 | 1184410 | 211844101 | 社科二线400B/400B社科库 24排2列1层/ [索取号:I253.3/Y8801] | 在馆 |